00771nam a2200253 a 4500008004100000020001500041050001700056100002500073245005300098260004600151300001600197350000900213490004000222490003500262500004000297650002300337650002000360650001300380650002800393650002400421650002200445700003100467700001900498060424s1996 ||||||||||||||||| || u a1858981085 aHC 79.D5 Loc aButton, Kenneth John10aLocation theory : vol.1 & 2cedited by J. Thisse aCheltenham :bEdward Elgar Pub. Ltdc1996 a2 v. : ill. a0.00 aModern classics in regional science v An Elgar reference collection aIncludes bibliographical references 0aSPACE IN ECONOMICS aLAND USE, URBAN aINDUSTRY aINDUSTRIES, LOCATION OF aINDUSTRIAL LOCATION aINDUSTRIALIZATION aThisse, Jacques Franðcois aNijkamp, Peter